LEADER 00714nam0-22002771i-450- 001 990001143810403321 035 $a000114381 035 $aFED01000114381 035 $a(Aleph)000114381FED01 035 $a000114381 100 $a20000920d1912----km-y0itay50------ba 101 0 $aeng 200 1 $aAnalisi infinitesimale$fFrancesco D'Arcais 210 $aPadova$cDraghi$d1912. 300 $aVol. 1. 610 0 $aAnalisi infinitesimale 676 $a515 700 1$aD'Arcais,$bFrancesco$06176 801 0$aIT$bUNINA$gRICA$2UNIMARC 901 $aBK 912 $a990001143810403321 952 $a1-I-20$b1161$fMA1 959 $aMA1 996 $aAnalisi infinitesimale$9344765 997 $aUNINA DB $aING01 LEADER 01689oam 2200433zu 450 001 9910142237703321 005 20210807000308.0 010 $a0-7381-0875-8 035 $a(CKB)1000000000035868 035 $a(SSID)ssj0000996504 035 $a(PQKBManifestationID)12346490 035 $a(PQKBTitleCode)TC0000996504 035 $a(PQKBWorkID)10978433 035 $a(PQKB)11748908 035 $a(WaSeSS)IndRDA00077732 035 $a(NjHacI)991000000000035868 035 $a(EXLCZ)991000000000035868 100 $a20160829d1998 uy 101 0 $aeng 135 $aur||||||||||| 181 $ctxt 182 $cc 183 $acr 200 00$a1998 IEEE Recommended Practice for Routine Impulse Test for Distribution Transformers 210 31$a[Place of publication not identified]$cIEEE$d1998 215 $a1 online resource (50 pages) 300 $aBibliographic Level Mode of Issuance: Monograph 311 $a0-7381-0176-1 330 $aGeneral test procedures for performing routine quality control test that is suitable for high-volume, production line testing. Transformer connections, test methods, circuit configurations, and failure detection methods are addressed. This recommended practice covers liquid-immersed, single-and three-phase distribution transformers. 606 $aElectric transformers$xStandards 606 $aStandards, Engineering 615 0$aElectric transformers$xStandards. 615 0$aStandards, Engineering. 676 $a621.314 801 0$bPQKB 906 $aDOCUMENT 912 $a9910142237703321 996 $a1998 IEEE Recommended Practice for Routine Impulse Test for Distribution Transformers$92806676 997 $aUNINA